书目信息 |
| 题名: |
基于生态文明的法理学
|
|
| 作者: | 蔡守秋 著 | |
| 分册: | ||
| 出版信息: | 北京 中国法制出版社 2014 |
|
| 页数: | 681页 | |
| 开本: | 24cm | |
| 丛书名: | ||
| 单 册: | ||
| 中图分类: | D903 | |
| 科图分类: | ||
| 主题词: | 法理学--研究 , 法理学 | |
| 电子资源: | ||
| ISBN: | 978-7-5093-4819-2 | |
| 000 | 01456nam0 2200265 450 | |
| 001 | 523 | |
| 005 | 20140905102223.26 | |
| 010 | @a978-7-5093-4819-2@dCNY109.00 | |
| 100 | @a20140415d2014 em y0chiy50 ea | |
| 101 | 0 | @achi |
| 102 | @aCN@b110000 | |
| 105 | @ay z 000yy | |
| 106 | @ar | |
| 200 | 1 | @a基于生态文明的法理学@AJi Yu Sheng Tai Wen Ming De Fa Li Xue@dJurisprudence based on ecological civilization@f蔡守秋著@FCai Shou Qiu Zhu@zeng |
| 210 | @a北京@c中国法制出版社@d2014 | |
| 215 | @a681页@d24cm | |
| 300 | @a国家2011计划司法文明协同创新中心研究成果 2010年度国家社会科学基金重点项目“加快推进生态文明建设的法律问题研究”的部分研究成果 上海政法学院上海高校一流学科(法学学科环境资源法方向)建设项目资助 | |
| 330 | @a本书研究了基于生态文明的法理学或法哲学的逻辑起点和要点。阐明了从“主、客二分”范式转变到“主、客一体”范式的意义和作用;阐明了“生态人”法律人模式的要点、作用和意义;对“主体人”法律人模式进行了评析;阐明了公众共用物法律地位、公众共用物使用权的法律含义、两种公地悲剧、四种财产(国家所有财产、集体所有财产、私人财产和公众共用财产)、四种权利(国家主权、政府行政管理权、物权和公众共用物使用权)、三种调整机制(政府调整、市场调整和社会调整)、以及公众共用物的主要法律制度。 | |
| 510 | 1 | @aJurisprudence based on ecological civilization@zeng |
| 606 | 0 | @a法理学@x研究 |
| 606 | 0 | @a法理学 |
| 690 | @aD903@v5 | |
| 701 | 0 | @a蔡守秋@ACai Shou Qiu@f(1944.8~)@4著 |
| 801 | 0 | @aCN@bTANGWEI@c20140603 |
| 905 | @b0841481-83@dD903@e508@f3 | |
| 基于生态文明的法理学=Jurisprudence based on ecological civilization/蔡守秋著.-北京:中国法制出版社,2014 |
| 681页;24cm |
| 国家2011计划司法文明协同创新中心研究成果 2010年度国家社会科学基金重点项目“加快推进生态文明建设的法律问题研究”的部分研究成果 上海政法学院上海高校一流学科(法学学科环境资源法方向)建设项目资助 |
| ISBN 978-7-5093-4819-2:CNY109.00 |
| 本书研究了基于生态文明的法理学或法哲学的逻辑起点和要点。阐明了从“主、客二分”范式转变到“主、客一体”范式的意义和作用;阐明了“生态人”法律人模式的要点、作用和意义;对“主体人”法律人模式进行了评析;阐明了公众共用物法律地位、公众共用物使用权的法律含义、两种公地悲剧、四种财产(国家所有财产、集体所有财产、私人财产和公众共用财产)、四种权利(国家主权、政府行政管理权、物权和公众共用物使用权)、三种调整机制(政府调整、市场调整和社会调整)、以及公众共用物的主要法律制度。 |
| ● |
| 相关链接 |
|
|
|
|
正题名:基于生态文明的法理学
索取号:D903/508
 
预约/预借
| 序号 | 登录号 | 条形码 | 馆藏地/架位号 | 状态 | 备注 |
| 1 | 0841481 | 208414811 | 第一样本阅览室/ [索取号:D903/508] | 在馆 | |
| 2 | 0841482 | 208414820 | 密集书库-史法系/ [索取号:D903/508] | 在馆 | |
| 3 | 0841483 | 208414839 | 第一借阅区/ [索取号:D903/508] | 在馆 |